Online katalóg knižníc regiónu Turca

Tulák po hviezdach (Record no. 22121)

MARC details
000 -LEADER
fixed length control field 01844cam a2200553 a 4500
001 - CONTROL NUMBER
control field 22121
003 - CONTROL NUMBER IDENTIFIER
control field VRT
005 - DATE AND TIME OF LATEST TRANSACTION
control field 20260320111645.0
008 - FIXED-LENGTH DATA ELEMENTS--GENERAL INFORMATION
fixed length control field 240318s2015 xo g 000 f slo
015 ## - NATIONAL BIBLIOGRAPHY NUMBER
National bibliography number SNBA2016/09
020 ## - INTERNATIONAL STANDARD BOOK NUMBER
International Standard Book Number 9788081592980
Qualifying information (viaz.)
035 ## - SYSTEM CONTROL NUMBER
System control number 895FA1C8-50AB-46D6-916D-5975CAAEA803
035 ## - SYSTEM CONTROL NUMBER
System control number urn:nbn:sk:snk-amthkj
035 ## - SYSTEM CONTROL NUMBER
System control number urn:nbn:sk:snk-am00bmaf
039 #9 - LEVEL OF BIBLIOGRAPHIC CONTROL AND CODING DETAIL [OBSOLETE]
Level of rules in bibliographic description 202410231148
Level of effort used to assign nonsubject heading access points msnk176
Level of effort used to assign subject headings 202403182239
Level of effort used to assign classification VLOAD
Level of effort used to assign subject headings 201806041438
Level of effort used to assign classification mvthk05
Level of effort used to assign subject headings 201712151346
Level of effort used to assign classification VLOAD
040 ## - CATALOGING SOURCE
Original cataloging agency TTKJF
Language of cataloging slo
Transcribing agency TTKJF
Modifying agency SVKBB
-- SNK
Description conventions AACR2
041 1# - LANGUAGE CODE
Language code of text/sound track or separate title slo
Language code of original eng
044 ## - COUNTRY OF PUBLISHING/PRODUCING ENTITY CODE
MARC country code xo
ISO country code SK
072 #7 - SUBJECT CATEGORY CODE
Subject category code 821.111(73)-3
Subject category code subdivision Americká próza
Source konspekt
080 ## - UNIVERSAL DECIMAL CLASSIFICATION NUMBER
Universal Decimal Classification number 821.111(73)-31
Edition identifier 2011
080 ## - UNIVERSAL DECIMAL CLASSIFICATION NUMBER
Universal Decimal Classification number (0:82-311.3)
Edition identifier 2011
100 1# - MAIN ENTRY--PERSONAL NAME
Personal name London, Jack,
Dates associated with a name 1876-1916
Relationship aut
240 14 - UNIFORM TITLE
Uniform title The star rover
Language of a work Slovensky
245 10 - TITLE STATEMENT
Title Tulák po hviezdach
Statement of responsibility, etc. Jack London ; z anglického originálu preložil Juraj Kiška
250 ## - EDITION STATEMENT
Edition statement 3. vyd.
260 ## - PUBLICATION, DISTRIBUTION, ETC.
Place of publication, distribution, etc. Bratislava
Name of publisher, distributor, etc. Premedia
Date of publication, distribution, etc. 2015
300 ## - PHYSICAL DESCRIPTION
Extent 297 s.
Dimensions 21 cm
490 1# - SERIES STATEMENT
Series statement Tichá voda
655 #7 - INDEX TERM--GENRE/FORM
Genre/form data or focus term americké romány
Source of term SNKPH
655 #7 - INDEX TERM--GENRE/FORM
Genre/form data or focus term dobrodružné romány
Source of term SNKPH
655 #7 - INDEX TERM--GENRE/FORM
Genre/form data or focus term American fiction
Source of term SNKPHeng
655 #7 - INDEX TERM--GENRE/FORM
Genre/form data or focus term Adventure novels
Source of term SNKPHeng
700 1# - ADDED ENTRY--PERSONAL NAME
Personal name Kiška, Juraj
Relationship trl
830 #0 - SERIES ADDED ENTRY--UNIFORM TITLE
Uniform title Tichá voda
910 ## - USER-OPTION DATA (OCLC)
User-option data ttkjf
910 ## - USER-OPTION DATA (OCLC)
User-option data sllk
910 ## - USER-OPTION DATA (OCLC)
User-option data snk
910 ## - USER-OPTION DATA (OCLC)
User-option data savuk
910 ## - USER-OPTION DATA (OCLC)
User-option data totk
910 ## - USER-OPTION DATA (OCLC)
User-option data vthk
942 ## - ADDED ENTRY ELEMENTS (KOHA)
Source of classification or shelving scheme Dewey Decimal Classification
Koha item type Krásna literatúra pre dospelých
Suppress in OPAC No
949 ## - LOCAL PROCESSING INFORMATION (OCLC)
6 273K0609313
a svkpoA 232480
b svkpo607021
949 ## - LOCAL PROCESSING INFORMATION (OCLC)
6 270001000533167
a svkbbA 148490
b svkbbm 763334
949 ## - LOCAL PROCESSING INFORMATION (OCLC)
6 2889314558
a savukM 118152
b savuk2016/2760
949 ## - LOCAL PROCESSING INFORMATION (OCLC)
6 17A1210309
a snkSC 170995
b snk2016/19902
o 1772/2016
s 6100:20160907
949 ## - LOCAL PROCESSING INFORMATION (OCLC)
6 17A1210310
a snkSC 170995 D1
b snk2016/19904
o 1772/2016
Holdings
Stav vyradenia Strata Poškodenie Spôsob nadobudnutia Domovská knižnica Aktuálna knižnica Dátum nadobudnutia Total checkouts Čiarový kód exemplára Date last seen Typ exemplára
      Dar Obecná knižnica Horná Štubňa Obecná knižnica Horná Štubňa 20.03.2026   9788081592980 20.03.2026 Krásna literatúra pre dospelých
Projekt je podporený Slovenskou asociáciou knižníc
Prevádzkuje Turčianska knižnica Martin 2026